[Event "World Women-ch k.o."]
[Site "Khanty-Mansiysk"]
[Date "2012.11.12"]
[Round "1.2"]
[White "Kosteniuk, Alexandra"]
[Black "Abrahamyan, Tatev"]
[Result "1-0"]
[WhiteElo "2501"]
[BlackElo "2304"]
[PlyCount "87"]
[EventDate "2012.11.11"]
[EventType "k.o."]
[EventRounds "6"]
[EventCountry "RUS"]
[SourceTitle "CBM 152"]
[Source "ChessBase"]
[SourceDate "2013.01.15"]
[SourceVersion "1"]
[SourceVersionDate "2013.01.15"]
[SourceQuality "1"]

1. e4 c5 2. Nf3 d6 3. d4 cxd4 4. Nxd4 Nf6 5. Nc3 a6 6. Be2 e5 7. Nb3 Be7 8. O-O
O-O 9. Bf3 Be6 10. a4 Nbd7 11. a5 Rc8 12. Be3 Rc4 13. Nd2 Rb4 14. b3 Qc7 15.
Ndb1 Nc5 16. Na2 Rb5 17. Re1 Ncxe4 18. Bb6 Qc6 19. Nbc3 d5 20. Nxb5 axb5 21. c3
Bd6 22. Rc1 Qd7 23. c4 bxc4 24. bxc4 Ng5 25. cxd5 Nxf3+ 26. Qxf3 Bxd5 27. Qe2
Qf5 28. Bc5 Qg6 29. f3 Bxc5+ 30. Rxc5 e4 31. f4 h6 32. Nb4 Be6 33. Qf2 Bf5 34.
Qg3 Qh7 35. h3 h5 36. Qg5 Be6 37. f5 Bd7 38. Nd5 Nxd5 39. Rxd5 Bc6 40. Rd8 f6
41. Rxf8+ Kxf8 42. Qf4 Qh6 43. Qd6+ Kg8 44. a6 1-0

[Event "World Women-ch k.o."]
[Site "Khanty-Mansiysk"]
[Date "2012.11.14"]
[Round "2.14"]
[White "Kosteniuk, Alexandra"]
[Black "Pogonina, Natalija"]
[Result "1/2-1/2"]
[WhiteElo "2501"]
[BlackElo "2478"]
[PlyCount "110"]
[EventDate "2012.11.11"]
[EventType "k.o."]
[EventRounds "6"]
[EventCountry "RUS"]
[SourceTitle "CBM 152"]
[Source "ChessBase"]
[SourceDate "2013.01.15"]
[SourceVersion "1"]
[SourceVersionDate "2013.01.15"]
[SourceQuality "1"]

1. e4 e5 2. Nf3 Nc6 3. Bb5 a6 4. Ba4 Nf6 5. O-O Be7 6. d3 b5 7. Bb3 O-O 8. a4
b4 9. Nbd2 d6 10. c3 Rb8 11. a5 h6 12. Bc4 bxc3 13. bxc3 Re8 14. Qa4 Qd7 15.
Qa2 Bf8 16. Re1 Nd8 17. Nf1 g6 18. Ng3 Bg7 19. Bb2 Qc6 20. Rab1 Be6 21. Nd2 d5
22. exd5 Nxd5 23. Ne2 Nb7 24. Ba1 Rbd8 25. Ne4 Nd6 26. Bb3 Nxe4 27. dxe4 Nf4
28. Qa4 Qc5 29. Bxe6 Rxe6 30. Nxf4 exf4 31. Qb4 Rc6 32. Rbd1 Rxd1 33. Rxd1 Bxc3
34. Qb8+ Kh7 35. Bxc3 Qxc3 36. h4 Qf6 37. Qf8 Rd6 38. Rxd6 cxd6 39. f3 h5 40.
Kf1 Qe6 41. Kf2 d5 42. exd5 Qxd5 43. Kg1 Qd4+ 44. Kh2 Qf6 45. Kh3 Qe6+ 46. Kh2
Qf5 47. Kg1 Qf6 48. Kf1 Qg7 49. Qb4 Qa1+ 50. Kf2 Qf6 51. Qb6 Kg7 52. Ke2 Qe5+
53. Kd3 Qf5+ 54. Kd2 Qd7+ 55. Kc3 Qc8+ 1/2-1/2

[Event "Beijing Sportaccord rap (Women)"]
[Site "Beijing"]
[Date "2012.12.14"]
[Round "1"]
[White "Danielian, Elina"]
[Black "Kosteniuk, Alexandra"]
[Result "0-1"]
[WhiteElo "2476"]
[BlackElo "2501"]
[PlyCount "91"]
[EventDate "2012.12.14"]
[EventType "swiss (rapid)"]
[EventRounds "7"]
[EventCountry "CHN"]
[SourceTitle "EXT 2014"]
[Source "ChessBase"]
[SourceDate "2013.11.20"]
[SourceVersion "1"]
[SourceVersionDate "2013.11.20"]
[SourceQuality "1"]

1. Nf3 Nf6 2. c4 b6 3. g3 Bb7 4. Bg2 e6 5. O-O Be7 6. b3 O-O 7. Bb2 d5 8. cxd5
Nxd5 9. d4 Nf6 10. Nc3 Na6 11. Ne5 Bxg2 12. Kxg2 Qc8 13. e4 Qb7 14. Qf3 Rad8
15. Rad1 c6 16. Rfe1 Nc7 17. Na4 Nb5 18. Qe2 Bb4 19. Rf1 a6 20. Qc4 c5 21. dxc5
bxc5 22. f3 Nd7 23. Nxd7 Rxd7 24. Nxc5 Bxc5 25. Qxc5 Rc8 26. Qe5 f6 27. Qxe6+
Rf7 28. Rc1 Nc7 29. Qc4 Re8 30. Rfd1 Qc8 31. Rd6 Rd8 32. Ba3 h5 33. Rcd1 Rxd6
34. Rxd6 Qe8 35. Rc6 Qd7 36. Rd6 Qe8 37. Qd3 Qe5 38. f4 Qa1 39. e5 Qxa2+ 40.
Kh3 Qxa3 41. Qc4 Kf8 42. Rd8+ Ne8 43. b4 Qf3 44. Qc5+ Re7 45. exf6 Qg4+ 46. Kg2
0-1

[Event "Beijing Sportaccord rap (Women)"]
[Site "Beijing"]
[Date "2012.12.14"]
[Round "2"]
[White "Kosteniuk, Alexandra"]
[Black "Koneru, Humpy"]
[Result "1/2-1/2"]
[WhiteElo "2501"]
[BlackElo "2610"]
[PlyCount "80"]
[EventDate "2012.12.14"]
[EventType "swiss (rapid)"]
[EventRounds "7"]
[EventCountry "CHN"]
[SourceTitle "EXT 2014"]
[Source "ChessBase"]
[SourceDate "2013.11.20"]
[SourceVersion "1"]
[SourceVersionDate "2013.11.20"]
[SourceQuality "1"]

1. e4 e5 2. Nf3 Nc6 3. Bb5 a6 4. Ba4 Nf6 5. O-O Nxe4 6. d4 b5 7. Bb3 d5 8. dxe5
Be6 9. Nbd2 Be7 10. c3 Nc5 11. Bc2 d4 12. Nb3 d3 13. Bb1 Nxb3 14. axb3 Bf5 15.
Be3 O-O 16. Bd4 Qd5 17. Re1 Rfd8 18. Re3 Nxd4 19. Nxd4 Bg6 20. b4 c5 21. bxc5
Bxc5 22. Ba2 Qb7 23. e6 Bxd4 24. cxd4 Rxd4 25. exf7+ Bxf7 26. Bxf7+ Qxf7 27.
Rxd3 Rxd3 28. Qxd3 Re8 29. h3 Qe6 30. Qd4 h6 31. Qa7 Qf6 32. Rd1 Qxb2 33. Qxa6
b4 34. Qc4+ Kh8 35. Qf7 Rb8 36. Qf4 Rc8 37. Qf5 Rb8 38. Qf4 Rc8 39. Qf5 Rb8 40.
Qf4 Rc8 1/2-1/2

[Event "Beijing Sportaccord rap (Women)"]
[Site "Beijing"]
[Date "2012.12.14"]
[Round "3"]
[White "Paehtz, Elisabeth"]
[Black "Kosteniuk, Alexandra"]
[Result "1/2-1/2"]
[WhiteElo "2482"]
[BlackElo "2501"]
[PlyCount "69"]
[EventDate "2012.12.14"]
[EventType "swiss (rapid)"]
[EventRounds "7"]
[EventCountry "CHN"]
[SourceTitle "EXT 2014"]
[Source "ChessBase"]
[SourceDate "2013.11.20"]
[SourceVersion "1"]
[SourceVersionDate "2013.11.20"]
[SourceQuality "1"]

1. e4 e5 2. Nc3 Nf6 3. g3 Bb4 4. Bg2 O-O 5. Nge2 c6 6. a3 Ba5 7. O-O d5 8. exd5
cxd5 9. d4 exd4 10. Nxd4 Nc6 11. Nxc6 bxc6 12. b4 Bb6 13. Na4 Bg4 14. Qd3 Re8
15. Nxb6 Be2 16. Qd2 Bxf1 17. Nxa8 Bxg2 18. Kxg2 Qxa8 19. Bb2 Nd7 20. Re1 f6
21. Bd4 Nb6 22. Rxe8+ Qxe8 23. Bxb6 axb6 24. a4 Qe4+ 25. Kg1 Qe5 26. a5 bxa5
27. bxa5 Qa1+ 28. Kg2 h5 29. Qb4 h4 30. gxh4 Qa2 31. Qe7 Qxa5 32. Qe8+ Kh7 33.
Qh5+ Kg8 34. Qe8+ Kh7 35. Qh5+ 1/2-1/2

[Event "Beijing Sportaccord rap (Women)"]
[Site "Beijing"]
[Date "2012.12.15"]
[Round "5"]
[White "Harika, Dronavalli"]
[Black "Kosteniuk, Alexandra"]
[Result "0-1"]
[WhiteElo "2512"]
[BlackElo "2501"]
[PlyCount "116"]
[EventDate "2012.12.14"]
[EventType "swiss (rapid)"]
[EventRounds "7"]
[EventCountry "CHN"]
[SourceTitle "EXT 2014"]
[Source "ChessBase"]
[SourceDate "2013.11.20"]
[SourceVersion "1"]
[SourceVersionDate "2013.11.20"]
[SourceQuality "1"]

1. c4 Nf6 2. Nc3 e5 3. Nf3 Nc6 4. e4 Bc5 5. Nxe5 Nxe5 6. d4 Bb4 7. dxe5 Nxe4 8.
Qf3 f5 9. Bd3 Nxc3 10. a3 Ba5 11. O-O d6 12. exd6 Qxd6 13. Bf4 Qc6 14. Rae1+
Kf7 15. Qh5+ Qg6 16. Qh4 Be6 17. bxc3 Bxc3 18. Be2 Qf6 19. Qg3 Bxe1 20. Rxe1
Rhe8 21. Be5 f4 22. Bh5+ g6 23. Qc3 Qg5 24. Bf3 c6 25. Qb2 Re7 26. Bd6 Rd7 27.
c5 Re8 28. h3 Qf6 29. Be5 Qe7 30. Bh8 Kg8 31. Bg4 Qf7 32. Qe5 Bxg4 33. Qxe8+
Qxe8 34. Rxe8+ Kf7 35. Rb8 Bf5 36. Be5 f3 37. g4 Bd3 38. Bd6 Ke6 39. Re8+ Kd5
40. Re3 Be2 41. a4 b6 42. Re5+ Kd4 43. Rg5 Bd1 44. Kh2 Bxa4 45. Kg3 Bd1 46. h4
b5 47. h5 Bc2 48. Kxf3 b4 49. Ke2 b3 50. Kd2 Rb7 51. hxg6 hxg6 52. Be5+ Ke4 53.
f4 a5 54. Kc1 a4 55. Kb2 Kd5 56. Bh8+ Kc4 57. f5 a3+ 58. Kxa3 b2 0-1

[Event "Beijing Sportaccord rap (Women)"]
[Site "Beijing"]
[Date "2012.12.15"]
[Round "6"]
[White "Kosteniuk, Alexandra"]
[Black "Muzychuk, Anna"]
[Result "0-1"]
[WhiteElo "2501"]
[BlackElo "2586"]
[PlyCount "104"]
[EventDate "2012.12.14"]
[EventType "swiss (rapid)"]
[EventRounds "7"]
[EventCountry "CHN"]
[SourceTitle "EXT 2014"]
[Source "ChessBase"]
[SourceDate "2013.11.20"]
[SourceVersion "1"]
[SourceVersionDate "2013.11.20"]
[SourceQuality "1"]

1. e4 c5 2. Nf3 e6 3. d4 cxd4 4. Nxd4 Nf6 5. Nc3 Nc6 6. Ndb5 Bc5 7. Bf4 O-O 8.
Bc7 Qe7 9. Bd6 Bxd6 10. Qxd6 Qd8 11. Nc7 Rb8 12. Be2 b5 13. N7xb5 Qb6 14. O-O
a6 15. Na4 Qa5 16. Nbc3 Nxe4 17. Nxe4 Qxa4 18. Bd3 Qd4 19. Qxd4 Nxd4 20. c3 Nc6
21. b4 a5 22. a3 d5 23. Nc5 axb4 24. axb4 d4 25. Be4 Ne7 26. Ra7 Nf5 27. Bxf5
exf5 28. cxd4 Rxb4 29. Ra4 Rb2 30. Re1 Be6 31. f3 Rd8 32. Nxe6 fxe6 33. Rxe6
Rc8 34. Re1 Rcc2 35. Ra8+ Kf7 36. Ra7+ Kf6 37. Ra6+ Kg5 38. Kh1 Rxg2 39. Rg1
Rxg1+ 40. Kxg1 Kf4 41. d5 Rd2 42. Ra7 Kxf3 43. Ra3+ Ke4 44. Ra7 g5 45. Rxh7
Rxd5 46. Ra7 Ke3 47. Kg2 Rd2+ 48. Kh3 f4 49. Ra5 f3 50. Rxg5 f2 51. Kg2 Rd1 52.
Rg3+ Ke2 0-1

[Event "Beijing Sportaccord rap (Women)"]
[Site "Beijing"]
[Date "2012.12.15"]
[Round "7"]
[White "Zatonskih, Anna"]
[Black "Kosteniuk, Alexandra"]
[Result "0-1"]
[WhiteElo "2489"]
[BlackElo "2501"]
[PlyCount "102"]
[EventDate "2012.12.14"]
[EventType "swiss (rapid)"]
[EventRounds "7"]
[EventCountry "CHN"]
[SourceTitle "EXT 2014"]
[Source "ChessBase"]
[SourceDate "2013.11.20"]
[SourceVersion "1"]
[SourceVersionDate "2013.11.20"]
[SourceQuality "1"]

1. d4 Nf6 2. c4 e6 3. Nf3 b6 4. g3 Bb7 5. Bg2 Be7 6. O-O O-O 7. Nc3 Ne4 8. Nxe4
Bxe4 9. Ne1 Bxg2 10. Nxg2 d5 11. Qa4 Qd7 12. Qxd7 Nxd7 13. cxd5 exd5 14. Rd1 g6
15. Bf4 c6 16. Rac1 Rac8 17. Ne1 Bf6 18. Nf3 Rfe8 19. Kf1 Bg7 20. h3 Re4 21. e3
Re6 22. g4 h6 23. Rc2 g5 24. Bg3 Rf8 25. Kg2 f5 26. gxf5 Rxf5 27. Ne1 c5 28.
dxc5 bxc5 29. Nd3 Bf8 30. b3 h5 31. h4 gxh4 32. Nf4 Re4 33. Bxh4 d4 34. Bg3 Nf6
35. exd4 cxd4 36. Ng6 Rg4 37. Nh4 Rd5 38. Nf3 Bd6 39. Rc8+ Kf7 40. Nh2 Rg6 41.
Kh3 Ne4 42. Rf1 d3 43. Bxd6 Rgxd6 44. f3 Ng5+ 45. Kh4 Ne6 46. Rd1 Re5 47. Rc3
Rd4+ 48. Kg3 h4+ 49. Kg2 Re2+ 50. Kg1 d2 51. Nf1 Re1 0-1

[Event "Beijing Sportaccord blizt (Women)"]
[Site "Beijing"]
[Date "2012.12.16"]
[Round "3"]
[White "Kosteniuk, Alexandra"]
[Black "Danielian, Elina"]
[Result "1-0"]
[WhiteElo "2501"]
[BlackElo "2476"]
[PlyCount "160"]
[EventDate "2012.12.16"]
[EventType "tourn (blitz)"]
[EventRounds "15"]
[EventCountry "CHN"]
[EventCategory "11"]
[SourceTitle "EXT 2014"]
[Source "ChessBase"]
[SourceDate "2013.11.20"]
[SourceVersion "1"]
[SourceVersionDate "2013.11.20"]
[SourceQuality "1"]

1. e4 c6 2. d4 d5 3. e5 Bf5 4. Nf3 e6 5. Be2 c5 6. O-O Nc6 7. c3 h6 8. a3 Rc8
9. dxc5 Bxc5 10. b4 Bb6 11. Nbd2 Nge7 12. c4 O-O 13. Bb2 a6 14. cxd5 Nxd5 15.
Nc4 Bc7 16. Nd4 Nxd4 17. Qxd4 Bg6 18. Bf3 b5 19. Nd6 Bb6 20. Qg4 Rc2 21. Bxd5
exd5 22. Bd4 Bxd4 23. Qxd4 Qg5 24. Qxd5 Rd2 25. Qc5 Rd8 26. Rad1 Rc2 27. Qd4
Re2 28. Rfe1 Ra2 29. h4 Qe7 30. Re3 Qe6 31. Rde1 Rd7 32. Qf4 Rc7 33. Qf3 Rcc2
34. h5 Rxf2 35. Qa8+ Kh7 36. Rg3 Bxh5 37. Qf8 Bg6 38. Ne4 Rfe2 39. Rxe2 Rxe2
40. Ng5+ hxg5 41. Rh3+ Qxh3 42. gxh3 Rxe5 43. Qd6 Re6 44. Qd5 Kh6 45. Qd8 Kh7
46. Qxg5 Be4 47. Qh4+ Kg8 48. Kf2 g6 49. Qd8+ Kg7 50. Qd4+ Kh7 51. Kg3 Bf5 52.
h4 Kg8 53. Qc3 Rd6 54. Qe5 Rd3+ 55. Kf4 Rxa3 56. h5 Rh3 57. hxg6 Bxg6 58. Qd6
Rh4+ 59. Kg5 Re4 60. Qd8+ Kh7 61. Qd2 Re5+ 62. Kf6 Re6+ 63. Kg5 Re5+ 64. Kf4
Re4+ 65. Kf3 Rc4 66. Qd6 Be4+ 67. Ke3 Bg6 68. Qf8 Re4+ 69. Kd2 Rc4 70. Qe7 Re4
71. Qd6 Re6 72. Qh2+ Kg7 73. Kc3 Rc6+ 74. Kb3 Re6 75. Qf4 Re4 76. Qc1 Re6 77.
Qh1 Be4 78. Qh4 Bd5+ 79. Kc3 Rc6+ 80. Kd2 Rc4 1-0

[Event "Beijing Sportaccord blizt (Women)"]
[Site "Beijing"]
[Date "2012.12.16"]
[Round "4"]
[White "Cmilyte, Viktorija"]
[Black "Kosteniuk, Alexandra"]
[Result "0-1"]
[WhiteElo "2524"]
[BlackElo "2501"]
[PlyCount "86"]
[EventDate "2012.12.16"]
[EventType "tourn (blitz)"]
[EventRounds "15"]
[EventCountry "CHN"]
[EventCategory "11"]
[SourceTitle "EXT 2014"]
[Source "ChessBase"]
[SourceDate "2013.11.20"]
[SourceVersion "1"]
[SourceVersionDate "2013.11.20"]
[SourceQuality "1"]

1. c4 e5 2. g3 Nf6 3. Bg2 d5 4. cxd5 Nxd5 5. Nc3 Nb6 6. e3 Be7 7. Nge2 Nc6 8.
O-O O-O 9. f4 Qd3 10. fxe5 Nxe5 11. Nf4 Qd8 12. d4 Ng6 13. Nd3 c6 14. b3 Be6
15. Bb2 Qc8 16. Nf4 Nxf4 17. gxf4 Bh3 18. e4 Rd8 19. f5 Bxg2 20. Kxg2 Bf6 21.
Ne2 c5 22. Rc1 Qc6 23. Ng3 Bxd4 24. Bxd4 Rxd4 25. Qxd4 cxd4 26. Rxc6 bxc6 27.
f6 g6 28. Rc1 Rc8 29. e5 Nd7 30. Re1 Re8 31. Rd1 c5 32. b4 Rxe5 33. bxc5 Rxc5
34. Ne4 Rc4 35. Rb1 d3 36. Kf3 h6 37. Rb7 Rxe4 38. Rxd7 Re6 39. Rxa7 Rd6 40.
Ra8+ Kh7 41. Rf8 d2 42. Rxf7+ Kg8 43. Rg7+ Kf8 0-1

[Event "Beijing Sportaccord blizt (Women)"]
[Site "Beijing"]
[Date "2012.12.16"]
[Round "5"]
[White "Kosteniuk, Alexandra"]
[Black "Muzychuk, Anna"]
[Result "1-0"]
[WhiteElo "2501"]
[BlackElo "2586"]
[PlyCount "79"]
[EventDate "2012.12.16"]
[EventType "tourn (blitz)"]
[EventRounds "15"]
[EventCountry "CHN"]
[EventCategory "11"]
[SourceTitle "EXT 2014"]
[Source "ChessBase"]
[SourceDate "2013.11.20"]
[SourceVersion "1"]
[SourceVersionDate "2013.11.20"]
[SourceQuality "1"]

1. e4 e5 2. Nf3 Nc6 3. Bb5 a6 4. Ba4 Nf6 5. O-O Be7 6. Re1 b5 7. Bb3 O-O 8. a4
b4 9. d3 d6 10. a5 Be6 11. Nbd2 Rb8 12. Bc4 Qc8 13. b3 h6 14. h3 Re8 15. Nf1
Bf8 16. Ne3 g6 17. Bb2 Bg7 18. Qd2 Nh5 19. d4 Bxh3 20. gxh3 Qxh3 21. Nh2 exd4
22. Neg4 Ne5 23. Nxe5 Bxe5 24. f3 Nf4 25. Bf1 Qh4 26. Bxd4 Bxd4+ 27. Qxd4 Re5
28. Qf2 Qg5+ 29. Kh1 Rxa5 30. Rxa5 Qxa5 31. Qh4 Nh5 32. f4 Qc5 33. Bc4 Re8 34.
Qg4 Kg7 35. Qd7 Qf2 36. Qxf7+ Kh8 37. Qxe8+ Kg7 38. Qf7+ Kh8 39. Qf8+ Kh7 40.
Qg8# 1-0

[Event "Beijing Sportaccord blizt (Women)"]
[Site "Beijing"]
[Date "2012.12.16"]
[Round "6"]
[White "Socko, Monika"]
[Black "Kosteniuk, Alexandra"]
[Result "0-1"]
[WhiteElo "2445"]
[BlackElo "2501"]
[PlyCount "148"]
[EventDate "2012.12.16"]
[EventType "tourn (blitz)"]
[EventRounds "15"]
[EventCountry "CHN"]
[EventCategory "11"]
[SourceTitle "EXT 2014"]
[Source "ChessBase"]
[SourceDate "2013.11.20"]
[SourceVersion "1"]
[SourceVersionDate "2013.11.20"]
[SourceQuality "1"]

1. d4 Nf6 2. c4 e6 3. Nf3 b6 4. a3 Bb7 5. Nc3 d5 6. Bg5 Be7 7. Qa4+ Bc6 8. Qc2
dxc4 9. e4 b5 10. Rd1 O-O 11. Be2 a5 12. d5 exd5 13. exd5 Be8 14. O-O b4 15.
axb4 axb4 16. Bxf6 Bxf6 17. Ne4 Ba4 18. Qxc4 Bxd1 19. Rxd1 Nd7 20. d6 cxd6 21.
Rxd6 Ra1+ 22. Bf1 Qe7 23. Qd5 Ne5 24. Nd4 Ng6 25. Nf5 Qe5 26. Qd3 Re8 27. Nxf6+
gxf6 28. Nh6+ Kg7 29. Nf5+ Kh8 30. Nh6 Qe1 31. g3 Ne5 32. Qb5 Nf3+ 33. Kg2 Ng5
34. Rd4 Qe5 35. Qc4 Kg7 36. Ng4 Qe6 37. Qc2 Rc8 38. Qd2 Rcc1 39. Ne3 Qc6+ 40.
Rd5 Rc5 41. h4 Rxd5 42. Qxd5 Qxd5+ 43. Nxd5 Ne4 44. Bd3 Nc5 45. Bc4 b3 46. Ne3
Rb1 47. Nf5+ Kf8 48. Nd6 Rxb2 49. Nxf7 Rd2 50. Nh6 b2 51. Ba2 Nd3 52. Ng4 Rd1
53. Ne3 b1=Q 54. Bxb1 Rxb1 55. Kf3 Ne5+ 56. Ke4 Rb4+ 57. Kf5 Kf7 58. f4 Rb3 59.
Nd5 Nd7 60. g4 Rb5 61. Ke4 Nc5+ 62. Kd4 Ne6+ 63. Ke4 Rb1 64. f5 Re1+ 65. Kd3
Nc5+ 66. Kd2 Re4 67. Ne3 Rf4 68. Ke2 Nd7 69. g5 Rxh4 70. gxf6 Nxf6 71. Kf3 Rh3+
72. Kf4 Rh4+ 73. Kg5 Re4 74. Nc2 Kg7 0-1

[Event "Beijing Sportaccord blizt (Women)"]
[Site "Beijing"]
[Date "2012.12.16"]
[Round "7"]
[White "Kosteniuk, Alexandra"]
[Black "Koneru, Humpy"]
[Result "0-1"]
[WhiteElo "2501"]
[BlackElo "2610"]
[PlyCount "80"]
[EventDate "2012.12.16"]
[EventType "tourn (blitz)"]
[EventRounds "15"]
[EventCountry "CHN"]
[EventCategory "11"]
[SourceTitle "EXT 2014"]
[Source "ChessBase"]
[SourceDate "2013.11.20"]
[SourceVersion "1"]
[SourceVersionDate "2013.11.20"]
[SourceQuality "1"]

1. e4 c5 2. Nf3 e6 3. d4 cxd4 4. Nxd4 a6 5. Bd3 Bc5 6. Be3 Qc7 7. Nd2 Nf6 8.
Qe2 d6 9. f4 Nc6 10. c3 O-O 11. Nxc6 Qxc6 12. Bxc5 Qxc5 13. O-O-O e5 14. f5 b5
15. g4 d5 16. g5 Nxe4 17. Nxe4 dxe4 18. Qxe4 Ra7 19. f6 g6 20. Rhe1 Re8 21. Bc2
Rd7 22. Bb3 Rxd1+ 23. Rxd1 Bf5 24. Qe2 e4 25. h4 e3 26. Rd4 a5 27. h5 a4 28.
Bd5 b4 29. hxg6 Bxg6 30. Bc4 bxc3 31. bxc3 Qa3+ 32. Qb2 Qxb2+ 33. Kxb2 h6 34.
Be2 hxg5 35. Rxa4 Re6 36. Rg4 Rxf6 37. Kc1 Rf2 38. Bc4 Rc2+ 39. Kd1 Rxc3 40.
Bb3 Bh5 0-1

[Event "Beijing Sportaccord blizt (Women)"]
[Site "Beijing"]
[Date "2012.12.16"]
[Round "8"]
[White "Paehtz, Elisabeth"]
[Black "Kosteniuk, Alexandra"]
[Result "0-1"]
[WhiteElo "2482"]
[BlackElo "2501"]
[PlyCount "110"]
[EventDate "2012.12.16"]
[EventType "tourn (blitz)"]
[EventRounds "15"]
[EventCountry "CHN"]
[EventCategory "11"]
[SourceTitle "EXT 2014"]
[Source "ChessBase"]
[SourceDate "2013.11.20"]
[SourceVersion "1"]
[SourceVersionDate "2013.11.20"]
[SourceQuality "1"]

1. e4 e5 2. Nc3 Nf6 3. g3 Bb4 4. Bg2 O-O 5. Nge2 c6 6. O-O Re8 7. a3 Ba5 8. d3
d6 9. h3 Nbd7 10. Be3 Nf8 11. b4 Bb6 12. d4 Be6 13. Qd2 Bc4 14. Rfe1 Qe7 15.
Rad1 Rad8 16. d5 Bxe3 17. Qxe3 cxd5 18. exd5 b5 19. Nc1 Qc7 20. Nb3 Bxb3 21.
cxb3 Qb7 22. a4 bxa4 23. bxa4 Qxb4 24. Nb5 Qxa4 25. Nxa7 Rb8 26. Nc6 Rb3 27.
Rd3 Rxd3 28. Qxd3 h6 29. Rb1 e4 30. Qd2 Qc4 31. Rd1 N8d7 32. Kh2 Nb6 33. Qf4
Qc5 34. Rc1 Qxd5 35. Qe3 Nc4 36. Qc3 Qxc6 37. Qxc4 Qxc4 38. Rxc4 d5 39. Rd4 Kf8
40. g4 Ke7 41. f3 e3 42. Bf1 Kd6 43. Be2 Rb8 44. Rd3 Rb2 45. Rxe3 d4 46. Rd3
Rxe2+ 47. Kg3 Kd5 48. Kf4 Nd7 49. h4 Nc5 50. Rd1 d3 51. g5 hxg5+ 52. hxg5 d2
53. Kg3 Na4 54. f4 Nc3 55. Kf3 Rh2 0-1

[Event "Beijing Sportaccord blizt (Women)"]
[Site "Beijing"]
[Date "2012.12.17"]
[Round "9"]
[White "Kosteniuk, Alexandra"]
[Black "Harika, Dronavalli"]
[Result "0-1"]
[WhiteElo "2501"]
[BlackElo "2512"]
[PlyCount "128"]
[EventDate "2012.12.16"]
[EventType "tourn (blitz)"]
[EventRounds "15"]
[EventCountry "CHN"]
[EventCategory "11"]
[SourceTitle "EXT 2014"]
[Source "ChessBase"]
[SourceDate "2013.11.20"]
[SourceVersion "1"]
[SourceVersionDate "2013.11.20"]
[SourceQuality "1"]

1. e4 Nf6 2. e5 Nd5 3. d4 d6 4. Nf3 dxe5 5. Nxe5 c6 6. Bc4 Nd7 7. Nf3 g6 8. O-O
Bg7 9. c3 O-O 10. Re1 N7f6 11. h3 Bf5 12. a4 a5 13. Bb3 Rb8 14. Nbd2 b5 15. Ne5
Qc7 16. Ndf3 h6 17. Qe2 Kh7 18. Nd3 Bxd3 19. Qxd3 b4 20. c4 Nb6 21. Bc2 Rbd8
22. Ne5 c5 23. d5 Kg8 24. Qe2 Rde8 25. Bf4 Qc8 26. Nc6 e6 27. Bd6 exd5 28. Ne7+
Rxe7 29. Bxe7 Re8 30. Qf3 Ne4 31. Bxe4 dxe4 32. Rxe4 Bxb2 33. Rae1 Bc3 34. R1e2
Nxa4 35. Bf6 Rxe4 36. Rxe4 Qd7 37. Re7 Qxe7 38. Bxe7 b3 39. Qc6 b2 40. Qe8+ Kh7
41. Qxf7+ Bg7 42. Bf6 b1=Q+ 43. Kh2 Qb8+ 44. g3 Qg8 45. Qb7 Qf8 46. Bxg7 Qxg7
47. Qb5 Nc3 48. Qxc5 a4 49. Qa3 Qf6 50. f4 h5 51. h4 Kh6 52. Qb4 Qd4 53. Qf8+
Qg7 54. Qb4 Qd4 55. Qf8+ Kh7 56. Qe7+ Qg7 57. Qb4 Kh6 58. f5 gxf5 59. Qd6+ Kh7
60. Qc5 Qxg3+ 61. Kh1 Qxh4+ 62. Kg2 Qg4+ 63. Kf1 Qf3+ 64. Kg1 Ne2+ 0-1

[Event "Beijing Sportaccord blizt (Women)"]
[Site "Beijing"]
[Date "2012.12.17"]
[Round "13"]
[White "Kosteniuk, Alexandra"]
[Black "Zhao, Xue"]
[Result "1-0"]
[WhiteElo "2501"]
[BlackElo "2565"]
[PlyCount "89"]
[EventDate "2012.12.16"]
[EventType "tourn (blitz)"]
[EventRounds "15"]
[EventCountry "CHN"]
[EventCategory "11"]
[SourceTitle "EXT 2014"]
[Source "ChessBase"]
[SourceDate "2013.11.20"]
[SourceVersion "1"]
[SourceVersionDate "2013.11.20"]
[SourceQuality "1"]

1. e4 Nf6 2. e5 Nd5 3. d4 d6 4. Nf3 dxe5 5. Nxe5 c6 6. Bc4 Nd7 7. Nf3 N7b6 8.
Bb3 a5 9. a4 Bg4 10. h3 Bh5 11. Qe2 e6 12. g4 Bg6 13. Ne5 Nd7 14. Nxg6 hxg6 15.
Nd2 Bd6 16. Ne4 Bc7 17. Qf3 Qe7 18. Bd2 N7f6 19. Nc5 Bd6 20. Nd3 Nb4 21. Nxb4
Bxb4 22. c3 Bd6 23. O-O-O Nd5 24. Rhe1 O-O-O 25. Bxd5 cxd5 26. Kb1 Qc7 27. Ka2
Kb8 28. Rc1 Rc8 29. b3 Qd7 30. Rc2 Ka7 31. Rh1 Be7 32. Bf4 Rc6 33. Be5 f6 34.
Bf4 Rhc8 35. Rhc1 Bf8 36. Re1 Bb4 37. Rec1 Bf8 38. c4 dxc4 39. bxc4 Rb6 40. c5
Rb4 41. Rc3 Qxa4+ 42. Ra3 Qb5 43. Qc3 e5 44. Bd2 exd4 45. Qxb4 1-0

[Event "Beijing Sportaccord blizt (Women)"]
[Site "Beijing"]
[Date "2012.12.17"]
[Round "14"]
[White "Kosteniuk, Alexandra"]
[Black "Khotenashvili, Bela"]
[Result "0-1"]
[WhiteElo "2501"]
[BlackElo "2504"]
[PlyCount "82"]
[EventDate "2012.12.16"]
[EventType "tourn (blitz)"]
[EventRounds "15"]
[EventCountry "CHN"]
[EventCategory "11"]
[SourceTitle "EXT 2014"]
[Source "ChessBase"]
[SourceDate "2013.11.20"]
[SourceVersion "1"]
[SourceVersionDate "2013.11.20"]
[SourceQuality "1"]

1. e4 c6 2. d4 d5 3. e5 c5 4. dxc5 e6 5. a3 Bxc5 6. b4 Bb6 7. Qg4 Ne7 8. Qxg7
Rg8 9. Qxh7 Bd4 10. Ra2 Bxe5 11. Nf3 Bf6 12. Bb2 Bxb2 13. Rxb2 Nbc6 14. Bb5 Qd6
15. g3 e5 16. Nh4 Be6 17. c4 d4 18. Nd2 f5 19. c5 Qd5 20. O-O e4 21. Bc4 Qe5
22. Qh5+ Kd7 23. f4 Qf6 24. b5 Na5 25. c6+ Kc7 26. cxb7 Kxb7 27. Bxe6 Qxe6 28.
Qd1 Rac8 29. Qa4 Qb6 30. Ng2 d3+ 31. Kh1 Nd5 32. Qd1 e3 33. Qf3 Rgd8 34. Nb1 e2
35. Re1 Qd4 36. Rb4 Rc4 37. Rxc4 Nxc4 38. h4 Qe4 39. Qh5 Nce3 40. Rg1 e1=Q 41.
Qf7+ Kb8 0-1

[Event "Beijing Sportaccord blizt (Women)"]
[Site "Beijing"]
[Date "2012.12.17"]
[Round "15"]
[White "Zatonskih, Anna"]
[Black "Kosteniuk, Alexandra"]
[Result "0-1"]
[WhiteElo "2489"]
[BlackElo "2501"]
[PlyCount "54"]
[EventDate "2012.12.16"]
[EventType "tourn (blitz)"]
[EventRounds "15"]
[EventCountry "CHN"]
[EventCategory "11"]
[SourceTitle "EXT 2014"]
[Source "ChessBase"]
[SourceDate "2013.11.20"]
[SourceVersion "1"]
[SourceVersionDate "2013.11.20"]
[SourceQuality "1"]

1. e4 d5 2. exd5 Qxd5 3. Nf3 Nf6 4. d4 Bg4 5. Be2 Nc6 6. c4 Qa5+ 7. Nc3 e6 8.
O-O O-O-O 9. Be3 Bc5 10. a3 Bxf3 11. Bxf3 Bxd4 12. Bxc6 Bxe3 13. Bxb7+ Kxb7 14.
Qf3+ c6 15. Qxe3 Qb6 16. c5 Qb3 17. Qg3 Rhg8 18. Rfd1 Nd5 19. Qh4 g5 20. Qh5
Rd7 21. Nxd5 exd5 22. Qxh7 Re8 23. Rd3 Qxb2 24. Rdd1 Ka8 25. Rab1 Qe5 26. Qc2
Rb7 27. Rxb7 Qe1+ 0-1